| 000 | 00791nac a22002051u 4500 | ||
|---|---|---|---|
| 010 | _a 2001034398 | ||
| 020 | _a3540673261 (acid-free paper) | ||
| 082 | 0 | 0 | _a686.2 |
| 090 |
_c467 _d467 |
||
| 100 | _a20080729 | ||
| 245 | 1 | 0 |
_aHandbook of print media : _btechnologies and production methods / _cHelmut Kipphan, ed. |
| 260 |
_aBerlin ; _aNew York : _bSpringer, _c2001. |
||
| 300 |
_axx, 1207 p. : _bill. ; _c25 cm. + _e1 CD-ROM (4 3/4 in.) |
||
| 650 | 0 | _aPrinting | |
| 650 | 0 | _aPrinting machinery and supplies | |
| 650 | 0 |
_aPrinting industry _xTechnological innovations |
|
| 700 | 1 |
_aKipphan, Helmut, _d1943- |
|
| 942 |
_cBB _k686.2 |
||
| 999 |
_c467 _d467 |
||